000 00305nam a2200121 a 4500
008 100924s1969|||| d
100 1 _ade La Fayette, Madame
245 1 0 _aKňažná de Cléves
260 _bSlovenský spisovateľ
_aBratislava
_c1969
020 _c11,50
044 _axo
_cSK
041 _aslo
999 _c10701
_d10701